Vocabulaire espagnol aléatoire : verbes - Statistiques

Statistiques générales
  • Ce quiz a été pris 2 455 fois
    2 433 depuis la dernière actualisation
  • Le résultat moyen est 18 sur 30
Statistiques - réponses
Français Espagnol % Correct
Vivre {Vivir}
96%
Aller {Ir}
95%
Boire {Beber}
93%
Lire {Leer}
92%
Travailler {Trabajar}
92%
Manger {Comer}
90%
Parler {Hablar}
90%
Écouter {Escuchar}
89%
Faire {Hacer}
89%
Voir {Ver}
89%
Chanter {Cantar}
88%
Écrire {Escribir}
88%
Jouer {Jugar}
88%
Pouvoir {Poder}
88%
Être (permanent) {Ser}
88%
Venir {Venir}
88%
Aider {Ayudar}
87%
Dormir {Dormir}
86%
Penser {Pensar}
86%
Savoir {Saber}
86%
Avoir {Tener}
86%
Visiter {Visitar}
86%
Danser {Bailar}
85%
Être (transitoire) {Estar}
85%
Étudier {Estudiar}
85%
Donner {Dar}
84%
Vouloir {Querer}
84%
Croire {Creer}
83%
Dire {Decir}
83%
Cuisiner {Cocinar}
82%
Apprendre {Aprender}
80%
Sentir {Sentir}
79%
Payer {Pagar}
78%
Sortir {Salir}
78%
Connaître {Conocer}
77%
Espérer {Esperar}
77%
Appeler {Llamar}
77%
Regarder {Mirar}
77%
Ouvrir {Abrir}
76%
Mettre {Poner}
76%
Respirer {Respirar}
76%
Changer {Cambiar}
75%
Acheter {Comprar}
75%
Créer {Crear}
75%
Entrer {Entrar}
75%
Découvrir {Descubrir}
74%
Expliquer {Explicar}
74%
Gagner {Ganar}
74%
Voyager {Viajar}
74%
Vendre {Vender}
73%
Chercher {Buscar}
72%
Aimer {Amar}
71%
Conduire {Conducir}
71%
Devoir {Deber}
71%
Oublier {Olvidar}
70%
Courir {Correr}
69%
Avoir (verbe auxiliaire) {Haber}
69%
Passer {Pasar}
69%
Fermer {Cerrar}
68%
Préparer {Preparar}
68%
Perdre {Perder}
67%
Réver {Soñar}
67%
Accepter {Aceptar}
65%
Marcher {Caminar}
65%
Comprendre {Entender}
65%
Répondre {Responder}
65%
Avoir besoin {Necesitar}
63%
Recevoir {Recibir}
62%
Rester {Quedar}
61%
Entendre {Oír}
60%
Prendre {Tomar}
60%
Nettoyer {Limpiar}
59%
Pleurer {Llorar}
59%
Décider {Decidir}
58%
Commencer {Empezar}
58%
Enseigner {Enseñar}
57%
Plaire {Gustar}
57%
Arriver {Llegar}
57%
Demander {Preguntar}
57%
Suivre {Seguir}
57%
Servir {Servir}
57%
Montrer {Mostrar}
56%
Finir {Terminar}
55%
Laver {Lavar}
54%
Revenir {Volver}
54%
Diner {Cenar}
53%
Prendre le petit déjeuner {Desayunar}
53%
Rire {Reír}
53%
Organiser {Organizar}
52%
Compter {Contar}
51%
Utiliser {Usar}
51%
Dessiner {Dibujar}
50%
Se lever {Levantarse}
50%
Permettre {Permitir}
50%
S'asseoir {Sentarse}
50%
Laisser {Dejar}
49%
Embrasser {Besar}
49%
Tomber {Caer}
48%
Porter {Llevar}
47%
Envoyer {Enviar}
46%
Couper {Cortar}
44%
S'habiller {Vestirse}
42%
Se reposer {Descansar}
41%
Trouver {Encontrar}
41%
Sourire {Sonreír}
41%
Crier {Gritar}
40%
Casser {Romper}
39%
Essayer {Intentar}
38%
Habiter {Habitar}
37%
Éteindre {Apagar}
36%
Rentrer {Volver}
36%
Se réveiller {Despertar}
35%
Manquer {Faltar}
35%
Descendre {Bajar}
34%
Monter {Subir}
34%
Apporter {Traer}
34%
Pleuvoir {Llover}
33%
Louer {Alquilar}
29%
Frotter {Frotar}
29%
Dépenser {Gastar}
27%
Vider {Vaciar}
25%
Prêter {Prestar}
24%
Remplir {Llenar}
23%
Goûter {Probar}
23%
Allumer {Encender}
22%
Coller {Pegar}
22%
Commander {Pedir}
20%
Atterrir {Aterrizar}
19%
Pousser {Empujar}
17%
Frapper {Golpear}
17%
Devenir {Volverse}
17%
Déjeuner {Almorzar}
15%
Prier {Rezar}
14%
Se coucher {Acostarse}
13%
Téléphoner {Llamar por telefono}
11%
Ramasser {Recoger}
11%
Réparer {Arreglar}
8%
Arroser {Regar}
8%
Aucun quiz correspondant
Distribution des résultats
% des personnes avec chaque résultat
Percentile par nombre de réponses
Votre historique - résultats
Vous n’avez pas pris ce quiz depuis la dernière actualisation